Capitalism and progress: A diagnosis of western society (Record no. 221727)

MARC details
000 -LEADER
fixed length control field 00383nam a2200145Ia 4500
008 - FIXED-LENGTH DATA ELEMENTS--GENERAL INFORMATION
fixed length control field 230917s9999||||xx |||||||||||||| ||und||
040 ## - CATALOGING SOURCE
-- 14224
Original cataloging agency VIVEKANANDA LIBRARY
041 ## - Language
-- English
082 ## - DDC NUMBER
Classification number 330.122 G723C
100 ## - MAIN ENTRY--PERSONAL NAME
Personal name Goudzwaard, Bob
245 #0 - TITLE STATEMENT
Title Capitalism and progress: A diagnosis of western society
260 ## - PUBLICATION, DISTRIBUTION, ETC. (IMPRINT)
Place of publication, distribution, etc Toronto
Name of publisher, distributor, etc Weldge
Date of publication, distribution, etc 1979
300 ## - PHYSICAL DESCRIPTION
Pages xxvii, 270 p.
942 ## - ADDED ENTRY ELEMENTS (KOHA)
Koha item type Books
Holdings
Withdrawn status Lost status Damaged status Not for loan Location (home branch) Sublocation or collection (holding branch) Date acquired Koha issues (times borrowed) Koha full call number Accession No. Koha date last seen Koha item type
        VIVEKANANDA LIBRARY VIVEKANANDA LIBRARY 08/08/2002   330.122 G723C 87588 17/09/2023 Books
© Designed and Maintained by Vivekananda Library, MDU Rohtak